Biggest Cities in Kazakhstan - Statistics

General Stats
  • This quiz has been taken 34 times
  • The average score is 6 of 10
Answer Stats
Population City % Correct
1,065,387 Astana
100%
2,367,611 Almaty
97%
416,455 Aktobe
67%
313,529 Karaganda
63%
1,184,337 Shymkent
60%
310,607 Aktau
50%
279,799 Pavlodar
50%
298,847 Semey
37%
250,372 Ust-Kamenogorsk
37%
250,557 Kyzylorda
30%
No matching quizzes found
Score Distribution
Percent of People with Each Score
Percentile by Number Answered
Your Score History
You have not taken this quiz